00362nam a2200145Ia 4500003000400000008004100004040001600045082002700061100001300088245003500101260002800136490000500164650001900169650002800188GCL140319s9999 xx 000 0 ara d aGCL / cGCL04aكاسيتb339bن ح1 aنعمى10aحرام عليك / cنعمى a[S.N] : bلا يوجد a04aالاغانى04aشرائط كاسيت